[Event "Auckland North Shore op 44th"]
[Site "Auckland"]
[Date "2017.08.26"]
[Round "3"]
[White "Li, Shenyue"]
[Black "Johns, Daniel"]
[Result "1-0"]
[WhiteElo "2038"]
[BlackElo "1909"]
[PlyCount "61"]
[EventDate "2017.08.26"]
[EventType "swiss"]
[EventRounds "5"]
[EventCountry "NZL"]
[SourceTitle "CBM 180 Extra"]
[Source "ChessBase"]
[SourceDate "2017.10.06"]
[SourceVersion "1"]
[SourceVersionDate "2017.10.06"]
[SourceQuality "1"]

1. e4 e5 2. Nf3 Nc6 3. Bb5 a6 4. Ba4 Nf6 5. d4 exd4 6. 0-0 Nxe4 7. Re1 d5 8. Nxd4 Bd6 9. Be3 Bd7 10. c4 0-0 11. cxd5 Nxd4 12. Bxd7 Qxd7 13. Qxd4 Nf6 14. Nc3 h6 15. Bxh6 Bxh2+ 16. Kxh2 Ng4+ 17. Kg1 Nxh6 18. Re5 Rfe8 19. Rg5 Nf5 20. Qg4 g6 21. Ne4 Qe7 22. Ng3 Nxg3 23. Qxg3 Rad8 24. Rc1 Kg7 25. Rh5 Qd6 26. Qc3+ f6 27. Rh4 Qxd5 28. Qh3 Rg8 29. Rh7+ Kf8 30. Qh6+ Ke8 31. Re1+ 1-0

[Event "Auckland North Shore op 44th"]
[Site "Auckland"]
[Date "2017.08.26"]
[Round "2"]
[White "McLaren, Leonard"]
[Black "Li, Shenyue"]
[Result "1-0"]
[WhiteElo "2208"]
[BlackElo "2038"]
[PlyCount "59"]
[EventDate "2017.08.26"]
[EventType "swiss"]
[EventRounds "5"]
[EventCountry "NZL"]
[SourceTitle "CBM 180 Extra"]
[Source "ChessBase"]
[SourceDate "2017.10.06"]
[SourceVersion "1"]
[SourceVersionDate "2017.10.06"]
[SourceQuality "1"]

1. e4 c5 2. c3 d5 3. exd5 Qxd5 4. d4 Nf6 5. Nf3 Bg4 6. Be2 e6 7. h3 Bh5 8. Be3 Nbd7 9. 0-0 Be7 10. c4 Qc6 11. Nc3 0-0 12. d5 exd5 13. cxd5 Qd6 14. Qd2 Nb6 15. Bf4 Qd7 16. d6 Bd8 17. Rad1 a6 18. Rfe1 Qc8 19. a4 Nbd7 20. Nd5 Kh8 21. Nc7 Bxc7 22. dxc7 Nb6 23. Bd6 Ne4 24. Qa5 Nd7 25. Bxf8 b6 26. Rxd7 Qxd7 27. Qxb6 Rxf8 28. Rd1 Qe7 29. Rd8 Nd6 30. Qxd6 1-0

[Event "NZL-ch op 123rd"]
[Site "Auckland"]
[Date "2016.01.05"]
[Round "4"]
[White "Li, Shenyue"]
[Black "Hague, Ben"]
[Result "1/2-1/2"]
[WhiteElo "2007"]
[BlackElo "2287"]
[PlyCount "64"]
[EventDate "2016.01.02"]
[EventType "swiss"]
[EventRounds "9"]
[EventCountry "NZL"]
[SourceTitle "CBM 170 Extra"]
[Source "ChessBase"]
[SourceDate "2016.02.25"]
[SourceVersion "1"]
[SourceVersionDate "2016.02.25"]
[SourceQuality "1"]

1. f4 d5 2. Nf3 Bg4 3. e3 Nd7 4. h3 Bxf3 5. Qxf3 e5 6. Nc3 c6 7. b3 Ngf6 8. g4 Ne4 9. Nxe4 dxe4 10. Qxe4 Qh4+ 11. Ke2 0-0-0 12. b4 exf4 13. Qxf4 h5 14. b5 Rh6 15. g5 Qxf4 16. exf4 Re6+ 17. Kf3 cxb5 18. Bxb5 Rb6 19. Bc4 f6 20. h4 Bc5 21. c3 fxg5 22. hxg5 Rf8 23. Kg3 Bf2+ 24. Kf3 Ne5+ 25. Kxf2 Rxf4+ 26. Kg3 Rxc4 27. Rxh5 Rd6 28. Rb1 Rd3+ 29. Kf2 Re4 30. Rh8+ Kc7 31. Rf8 Ng4+ 32. Kf1 Ne5 1/2-1/2

[Event "George Trundle Qualifiers"]
[Site "Auckland"]
[Date "2015.10.03"]
[Round "8"]
[White "Gong, Daniel Hanwen"]
[Black "Li, Shenyue"]
[Result "1-0"]
[WhiteElo "1959"]
[BlackElo "2024"]
[PlyCount "91"]
[EventDate "2015.09.26"]
[EventType "tourn"]
[EventRounds "9"]
[EventCountry "NZL"]
[SourceTitle "EXT 2018"]
[Source "ChessBase"]
[SourceDate "2017.10.13"]
[SourceVersion "1"]
[SourceVersionDate "2017.10.13"]
[SourceQuality "1"]

1. e4 c5 2. Nf3 e6 3. d4 cxd4 4. Nxd4 a6 5. Bd3 Qc7 6. 0-0 Nf6 7. c4 Bc5 8. Nb3 Ba7 9. Nc3 Nc6 10. Bg5 Qe5 11. Qd2 Ng4 12. Bf4 Qf6 13. c5 Nce5 14. Be2 h5 15. Bg5 Qg6 16. f4 f6 17. Bh4 Nc6 18. h3 Nh6 19. f5 Qf7 20. Qd1 Ng8 21. fxe6 dxe6 22. e5 Nxe5 23. Ne4 Qd7 24. Qc2 f5 25. Rad1 Qc6 26. Rd6 Qa4 27. Rf4 Qxa2 28. Rd8+ Kf7 29. Nd6+ Kg6 30. Nxc8 Kh6 31. Nxa7 Rxa7 32. Rb4 Nc6 33. Rd6 Nxb4 34. Rxe6+ Nf6 35. Qd2+ Kg6 36. Bxf6 gxf6 37. Qxb4 Raa8 38. Qh4 Qxb2 39. Qg3+ Kf7 40. Bc4 Qc2 41. Qc7+ Kg6 42. Rxf6+ Kxf6 43. Qf7+ Kg5 44. Qg7+ Kf4 45. g3+ Kf3 46. Nd4+ 1-0

[Event "George Trundle Qualifiers"]
[Site "Auckland"]
[Date "2015.09.30"]
[Round "5"]
[White "Li, Shenyue"]
[Black "Lim, Benjamin U"]
[Result "1-0"]
[WhiteElo "2024"]
[BlackElo "1986"]
[PlyCount "41"]
[EventDate "2015.09.26"]
[EventType "tourn"]
[EventRounds "9"]
[EventCountry "NZL"]
[SourceTitle "EXT 2018"]
[Source "ChessBase"]
[SourceDate "2017.10.13"]
[SourceVersion "1"]
[SourceVersionDate "2017.10.13"]
[SourceQuality "1"]

1. e4 c5 2. Nf3 d6 3. d4 cxd4 4. Nxd4 Nf6 5. Nc3 a6 6. Bc4 e6 7. 0-0 Be7 8. f4 Qc7 9. Bb3 Bd7 10. Qf3 Nc6 11. Be3 b5 12. e5 Ng8 13. f5 exf5 14. Nxf5 0-0-0 15. Nd5 Qb7 16. Ndxe7+ Kb8 17. Nxd6 Qa8 18. Nxc6+ Bxc6 19. Qg3 Nh6 20. e6 fxe6 21. Nxb5+ 1-0

[Event "George Trundle Qualifiers"]
[Site "Auckland"]
[Date "2015.09.29"]
[Round "4"]
[White "Ang, Alphaeus Wei Ern"]
[Black "Li, Shenyue"]
[Result "0-1"]
[WhiteElo "2055"]
[BlackElo "2024"]
[PlyCount "104"]
[EventDate "2015.09.26"]
[EventType "tourn"]
[EventRounds "9"]
[EventCountry "NZL"]
[SourceTitle "EXT 2018"]
[Source "ChessBase"]
[SourceDate "2017.10.13"]
[SourceVersion "1"]
[SourceVersionDate "2017.10.13"]
[SourceQuality "1"]

1. d4 d5 2. c4 c6 3. Nc3 Nf6 4. Nf3 e6 5. Bg5 h6 6. Bxf6 Qxf6 7. e3 Nd7 8. Bd3 dxc4 9. Bxc4 g6 10. 0-0 Bg7 11. e4 e5 12. d5 Nb6 13. Be2 0-0 14. dxc6 bxc6 15. Qc2 g5 16. Nd2 Qg6 17. g4 Nd5 18. Nxd5 cxd5 19. Rac1 d4 20. f3 Bf6 21. Qc5 Bg7 22. Nc4 Qf6 23. Nd6 Qf4 24. Bc4 Qe3+ 25. Kh1 Be6 26. Rce1 Qf4 27. Bxe6 fxe6 28. Qc4 Rf6 29. Nf5 Kh7 30. Ng3 Rff8 31. Qxe6 Qf7 32. Qa6 Qg6 33. Qd3 Qb6 34. b3 Rac8 35. Rc1 Qa5 36. Nf5 Rc3 37. Rxc3 Qxc3 38. Qa6 Qc7 39. Kg2 Rf6 40. Qa3 Rc6 41. Rh1 Rc5 42. h4 Bf6 43. hxg5 Bxg5 44. Nxh6 Rc2+ 45. Kg3 Bf4+ 46. Kh3 Bxh6 47. g5 Qf7 48. gxh6 Qxf3+ 49. Kh4 Qxh1+ 50. Kg5 Qc1+ 51. Kh5 Rh2+ 52. Kg4 Qf4# 0-1

[Event "George Trundle Qualifiers"]
[Site "Auckland"]
[Date "2015.09.28"]
[Round "3"]
[White "Li, Shenyue"]
[Black "Zhang, Leo"]
[Result "0-1"]
[WhiteElo "2024"]
[BlackElo "2007"]
[PlyCount "152"]
[EventDate "2015.09.26"]
[EventType "tourn"]
[EventRounds "9"]
[EventCountry "NZL"]
[SourceTitle "EXT 2018"]
[Source "ChessBase"]
[SourceDate "2017.10.13"]
[SourceVersion "1"]
[SourceVersionDate "2017.10.13"]
[SourceQuality "1"]

1. e4 c5 2. Nf3 d6 3. d4 Nf6 4. Nc3 cxd4 5. Nxd4 a6 6. Be2 e5 7. Nb3 Be7 8. 0-0 0-0 9. Kh1 Be6 10. f4 exf4 11. Bxf4 Nc6 12. Qe1 Nd7 13. Rd1 Nde5 14. Nd5 f5 15. Bxe5 Nxe5 16. Nd4 Bxd5 17. exd5 Qd7 18. Qg3 g6 19. c4 Rac8 20. c5 Rxc5 21. Ne6 Rc2 22. Nxf8 Kxf8 23. Rf2 Rxb2 24. Bf1 Rb4 25. Rc2 Re4 26. Rdc1 Qa4 27. Rc8+ Kf7 28. R1c7 Ng4 29. Qh4 h5 30. Qg3 Qd4 31. h3 Re3 32. Rxe7+ Kxe7 33. Qh4+ Qf6 34. Rc7+ Kd8 35. Qxf6+ Nxf6 36. Rxb7 Re1 37. Kg1 Nxd5 38. Kf2 Ra1 39. Bc4 Nc3 40. Ra7 d5 41. Bxa6 Rxa2+ 42. Kf3 Ne4 43. Ra8+ Kc7 44. Rc8+ Kd7 45. Ra8 Rf2+ 46. Ke3 Rxg2 47. Kd4 Kc6 48. Bd3 Rg3 49. Ra6+ Kd7 50. Bb5+ Ke7 51. Ke5 d4 52. Ra7+ Kd8 53. Rd7+ Kc8 54. Rxd4 Rxh3 55. Bd7+ Kc7 56. Bxf5 gxf5 57. Kxf5 Nc5 58. Kg6 Kc6 59. Rf4 Kd6 60. Rf6+ Ke7 61. Rf7+ Ke8 62. Rh7 h4 63. Kg5 Ne4+ 64. Kf5 Nf2 65. Kg5 Rg3+ 66. Kf4 Nd3+ 67. Ke4 h3 68. Kf5 Nf2 69. Kf4 Ra3 70. Kg5 Ra4 71. Kf5 Kf8 72. Kf6 Kg8 73. Rh5 Ra6+ 74. Ke7 Kg7 75. Rh4 Rh6 76. Rf4 h2 0-1